000 00451nam a2200181Ia 4500
008 230524s9999 xx 000 0 und d
020 _a063205489X
082 _a530.33
_bLEE
100 _aB.S.Bahl
245 0 _aEssential of Physical Chemistry (866p)
250 _a5TH
260 _aGERAMNY
_bS.Chand
_c2005
300 _aXXXV;1032
500 _aQuantity Number: 5
650 _aChemistry
700 _a"G.D.Tuli , Arun Bahl,,,"
942 _cBK
999 _c12466
_d12466